000 00183 a2200097 4500
020 _a9781405226660
041 _aeng
100 _aMorpurgo, Michael
245 _aWarHorse
942 _cBK
999 _c31363
_d31361